000 00657nam a22001935i 4500
001 53510
003 ES-MaACL
005 20250710212230.0
007 t|
008 951002s1865 sp ||||1| spa d
040 _aCAM
_bspa
_cCAM
100 1 _aEzquerra, Santiago.
_948474
245 1 0 _aJuicio acerca de la memoria del... Fermín Caballero sobre fomento de la población rural /
_cpor Santiago Ezquerra.
260 _aMadrid :
_b[s.n.],
_c1865 (
_fImp. del Eco del País, a cargo de Diego Valero)
300 _a26 p. ;
_c18 cm.
600 1 4 _aCaballero, Fermín,
_d1800-1876
_933078
852 _aES-MaACL
_jT-195-F-2
999 _c53510
_d53510